<?xml version="1.0" encoding="UTF-8"?><?xml-stylesheet type="text/xsl" href="static/style.xsl"?><OAI-PMH xmlns="http://www.openarchives.org/OAI/2.0/" xmlns:xsi="http://www.w3.org/2001/XMLSchema-instance" xsi:schemaLocation="http://www.openarchives.org/OAI/2.0/ http://www.openarchives.org/OAI/2.0/OAI-PMH.xsd"><responseDate>2026-04-13T01:18:51Z</responseDate><request verb="GetRecord" identifier="oai:www.recercat.cat:10459.1/67602" metadataPrefix="marc">https://recercat.cat/oai/request</request><GetRecord><record><header><identifier>oai:recercat.cat:10459.1/67602</identifier><datestamp>2024-12-05T22:11:40Z</datestamp><setSpec>com_2072_3622</setSpec><setSpec>col_2072_479130</setSpec></header><metadata><record xmlns="http://www.loc.gov/MARC21/slim" xmlns:dcterms="http://purl.org/dc/terms/" xmlns:xsi="http://www.w3.org/2001/XMLSchema-instance" xmlns:doc="http://www.lyncode.com/xoai" xsi:schemaLocation="http://www.loc.gov/MARC21/slim http://www.loc.gov/standards/marcxml/schema/MARC21slim.xsd">
   <leader>00925njm 22002777a 4500</leader>
   <datafield ind2=" " ind1=" " tag="042">
      <subfield code="a">dc</subfield>
   </datafield>
   <datafield ind2=" " ind1=" " tag="720">
      <subfield code="a">Mariné Roig, Estela</subfield>
      <subfield code="e">author</subfield>
   </datafield>
   <datafield ind2=" " ind1=" " tag="720">
      <subfield code="a">Ferrer Rosell, Berta</subfield>
      <subfield code="e">author</subfield>
   </datafield>
   <datafield ind2=" " ind1=" " tag="260">
      <subfield code="c">2019-11-25T12:36:14Z</subfield>
   </datafield>
   <datafield ind2=" " ind1=" " tag="260">
      <subfield code="c">2021-03-31T22:21:17Z</subfield>
   </datafield>
   <datafield ind2=" " ind1=" " tag="260">
      <subfield code="c">2018</subfield>
   </datafield>
   <datafield ind2=" " ind1=" " tag="260">
      <subfield code="c">2019-11-25T12:36:14Z</subfield>
   </datafield>
   <datafield ind2=" " ind1=" " tag="520">
      <subfield code="a">Tourist destination image (TDI) is considered crucial when planning a trip. The aim of this paper is to propose a methodology to analyse and measure the (in)congruity or gap between the two sides of the TDI (supplyside projected vs. demand-side perceived) based on the difference between proportions of appearance. This method is applied to an outstanding Mediterranean destination, Catalonia, based on three different information sources: induced (Catalan Tourist Board dossier), autonomous (Lonely Planet travel guide), and organic (UGC: user-generated content). UGC consists of a random sample of 80,000 online travel reviews written in English by tourists who visited Catalonia during 2015. Our findings emphasize discrepancies in three aspects of the TDI, namely spatial, cognitive and affective image. The measurement of the gap between these TDI components shows that organic images (perceived) are significantly different from autonomous and induced images (projected), and that, the last two resemble one another much more.</subfield>
   </datafield>
   <datafield ind2=" " ind1=" " tag="520">
      <subfield code="a">Acknowledgements&#xd;
Both authors acknowledge the support of the Spanish Ministry of Economy, Industry and Competitiveness [Grant id.: TURCOLAB ECO2017-88984-R]. Second author acknowledges the support of the Catalan Autonomous Government [Grant id.: 2014SGR551] funding the consolidated research group “Compositional and Spatial Data Analysis (COSDA)” and the FEDER / Spanish Economy and Competitiveness Ministry [Grant id.: MTM2015-65016-C2-1-R] funding the project “COmpositional Data Analysis and RElated meThOdS (CODA-RETOS)”.</subfield>
   </datafield>
   <datafield ind1="8" ind2=" " tag="024">
      <subfield code="a">http://hdl.handle.net/10459.1/67602</subfield>
   </datafield>
   <datafield tag="653" ind2=" " ind1=" ">
      <subfield code="a">Destination image</subfield>
   </datafield>
   <datafield tag="653" ind2=" " ind1=" ">
      <subfield code="a">Multiscalar destination</subfield>
   </datafield>
   <datafield tag="653" ind2=" " ind1=" ">
      <subfield code="a">Image gaps</subfield>
   </datafield>
   <datafield tag="653" ind2=" " ind1=" ">
      <subfield code="a">Image components</subfield>
   </datafield>
   <datafield tag="653" ind2=" " ind1=" ">
      <subfield code="a">Compositional distance</subfield>
   </datafield>
   <datafield ind2="0" ind1="0" tag="245">
      <subfield code="a">Measuring the gap between projected and perceived destination images of Catalonia using compositional analysis</subfield>
   </datafield>
</record></metadata></record></GetRecord></OAI-PMH>